Gregg shorthand / (Record no. 98701)
[ view plain ]
| 000 -LEADER | |
|---|---|
| fixed length control field | 00738nam a22002417i 4500 |
| 003 - CONTROL NUMBER IDENTIFIER | |
| control field | URS |
| 005 - DATE AND TIME OF LATEST TRANSACTION | |
| control field | 20260218110722.0 |
| 008 - FIXED-LENGTH DATA ELEMENTS--GENERAL INFORMATION | |
| fixed length control field | 190211t1991 nyu||||| |||| 00| 0 eng d |
| 020 ## - INTERNATIONAL STANDARD BOOK NUMBER | |
| International Standard Book Number | 971-08-4860-7 |
| 040 ## - CATALOGING SOURCE | |
| Transcribing agency | URS |
| Modifying agency | URS |
| 050 14 - LIBRARY OF CONGRESS CALL NUMBER | |
| Classification number | Z 56.2 |
| Item number | Z79 |
| 100 1# - MAIN ENTRY--PERSONAL NAME | |
| Personal name | Zoubek, Charles E. |
| Dates associated with a name | 1913-1997 |
| Fuller form of name | (Charles Edward), |
| 245 10 - TITLE STATEMENT | |
| Title | Gregg shorthand / |
| Statement of responsibility, etc. | Charles E. Zoubek |
| 250 ## - EDITION STATEMENT | |
| Edition statement | Centennial edition |
| 264 #1 - PRODUCTION, PUBLICATION, DISTRIBUTION, MANUFACTURE, AND COPYRIGHT NOTICE | |
| Place of production, publication, distribution, manufacture | New York : |
| Name of producer, publisher, distributor, manufacturer | Gregg Division/ McGraw-Hill Book Company, |
| Date of production, publication, distribution, manufacture, or copyright notice | 1990-1991 |
| 300 ## - PHYSICAL DESCRIPTION | |
| Extent | 2 volumes ; |
| Other physical details | illustrations ; |
| Dimensions | 20 cm |
| 336 ## - CONTENT TYPE | |
| Content type term | text |
| Content type code | txt |
| Source | rdacontent |
| 337 ## - MEDIA TYPE | |
| Media type term | unmediated |
| Media type code | n |
| Source | rdamedia |
| 338 ## - CARRIER TYPE | |
| Carrier type term | volume |
| Carrier type code | nc |
| Source | rdacarrier |
| 505 ## - FORMATTED CONTENTS NOTE | |
| Formatted contents note | College book 1 -- College book 2 |
| 650 #0 - SUBJECT ADDED ENTRY--TOPICAL TERM | |
| Topical term or geographic name entry element | Shorthand |
| 942 ## - ADDED ENTRY ELEMENTS (KOHA) | |
| Koha item type | Foreign Books |
| Source of classification or shelving scheme | Library of Congress Classification |
| Withdrawn status | Source of classification or shelving scheme | Damaged status | Not for loan | Home library | Current library | Shelving location | Date acquired | Total Checkouts | Full call number | Barcode | Date last seen | Price effective from | Koha item type | Total Renewals | Date last checked out |
|---|---|---|---|---|---|---|---|---|---|---|---|---|---|---|---|
| Library of Congress Classification | Tanay College Library | Tanay College Library | Foreign Section | 02/23/2015 | Z 56.2 Z79 Bk. 1 | URSTAN-N1084 | 02/23/2015 | 02/23/2015 | Reserved Books | ||||||
| Library of Congress Classification | Tanay College Library | Tanay College Library | Foreign Section | 02/24/2015 | 1 | Z 56.2 Z79 Bk. 1 | URSTAN-N1086 | 12/09/2019 | 02/24/2015 | Reserved Books | 2 | 12/02/2019 | |||
| Library of Congress Classification | Tanay College Library | Tanay College Library | Foreign Section | 02/07/2023 | Z 56.2 Z7 | URSTAN-N1085 | 02/07/2023 | 02/07/2023 | Reserved Books |